000 00520nam a2200217Ia 4500
003 OSt
005 20220926045611.0
006 a|||||r|||| 00| 0
007 ta
008 220923b |||||||| |||| 00| 0 eng d
037 _cGeneral Book
040 _aRTL
_cRTL
_beng
041 _2eng
_aeng
082 _aH, M2
100 _aLarson
_9350434
245 0 _aPutnam's Geology
260 _c1982
700 _a Birkelan
_9350435
942 _hH, M2
_cGB
_2CC
999 _c678064
_d678064